Statistiken für Medias in Res Vok 20

Klicken Sie hier um das Quiz zu spielen!

Allgemein

  • Dieses Quiz wurde 587 mal gespielt
    (400 seit der letzten Aktualisierung)
  • Das Durchschnittsergebnis liegt bei 46 aus 57

Antwortstatistiken

AngabeÜbs / 2. Fall / GeschlechtAntwort% Korrekt
mulierÜbsFrau
99%
regnumÜbs(König-)Reich, Herrschaft
98%
donumÜbsGeschenk
96%
genusn.
95%
Gen.regni
95%
convenireÜbszusammenkommen
95%
1. P.convenio
94%
Gen.doni
94%
finisÜbsGrenze, Ende
94%
genusn.
94%
genusf.
93%
Gen.finis
93%
genusm.
93%
Genitivmulieris
92%
Perfektstammconveni
91%
1. P.augeo
89%
PPPconventum
89%
servaÜbsSklavin, Dienerin
88%
genusf.
87%
Gen.classis
86%
classisÜbsFlotte
85%
genusf.
84%
fines, finiumÜbsGebiet
84%
augereÜbsvergrößern, steigern, vermehren
84%
Gen.cladis
83%
genusf.
83%
Gen.servae
83%
1. P.animadverto
81%
PPPauctum
80%
Perfektauxi
80%
mihi gaudio estÜbses bereitet mir Freude
80%
1. P.pono
80%
1. P.claudo
79%
Perfektanimadverti
78%
genusm.
78%
1. P.cedo
77%
ingens; ingentis (2.F.)Übsriesig, gewaltig
77%
custosÜbsWächter
76%
anteaÜbsvorher
75%
Perfektclausi
73%
PPPclausum
73%
ponereÜbssetzen, legen, stellen
73%
1. P.aufero
72%
cladesÜbsNiederlage
72%
PPPanimadversum
71%
claudereÜbseinschließen
71%
enimÜbsnämlich, denn
70%
auferreÜbswegtragen, wegnehmen
67%
animadvertereÜbsbemerken, wahrnehmen
66%
PPPcessum
65%
Gen.custodis
64%
Perfektcessi
61%
PPPpositum
61%
Perfektabstuli
59%
Perfektposui
59%
PPPablatum
58%
cedereÜbsweichen, weggehen
57%

Verteilung der Resultate

Perzentil nach korrekt beantworteten Fragen

Anzahl Personen mit jedem Resultat

Ihre Resultats-Entwicklung

Sie haben dieses Quiz seit der letzten Aktualisierung nicht gespielt